<?xml version="1.0" encoding="UTF-8"?>
<collection xmlns="http://www.loc.gov/MARC21/slim">
 <record>
  <leader>00878cam a2200229 7i4500</leader>
  <controlfield tag="001">0000040515</controlfield>
  <controlfield tag="005">20140630090000.0</controlfield>
  <datafield tag="020" ind1="#" ind2="0">
   <subfield code="a">0071111522 </subfield>
  </datafield>
  <datafield tag="020" ind1="#" ind2="0">
   <subfield code="a">0072880023 </subfield>
  </datafield>
  <datafield tag="090" ind1="0" ind2="0">
   <subfield code="a">HF 5271 </subfield>
   <subfield code="b">L629 2005</subfield>
  </datafield>
  <datafield tag="100" ind1="1" ind2="#">
   <subfield code="a">Lesikar, Raymond Vincent </subfield>
  </datafield>
  <datafield tag="245" ind1="1" ind2="0">
   <subfield code="a">Basic business communication : </subfield>
   <subfield code="b">skills for empowering the internet generation  </subfield>
   <subfield code="c">Raymond V. Lesikar, Marie E. Flatley.</subfield>
  </datafield>
  <datafield tag="250" ind1="#" ind2="#">
   <subfield code="a">10th ed..</subfield>
  </datafield>
  <datafield tag="260" ind1="#" ind2="#">
   <subfield code="a">Boston: </subfield>
   <subfield code="b">McGraw-Hill/Irwin, </subfield>
   <subfield code="c">2005.</subfield>
  </datafield>
  <datafield tag="300" ind1="#" ind2="#">
   <subfield code="a">xxx, 606 p.: </subfield>
   <subfield code="b">ill.; </subfield>
   <subfield code="c">28 cm..</subfield>
  </datafield>
  <datafield tag="590" ind1="#" ind2="#">
   <subfield code="a">Pusat Pengajian Perniagaan dan Pengurusan Maritim</subfield>
  </datafield>
  <datafield tag="650" ind1="0" ind2="0">
   <subfield code="a">English language -- </subfield>
   <subfield code="x">Business English </subfield>
  </datafield>
  <datafield tag="650" ind1="0" ind2="0">
   <subfield code="a">Business communication </subfield>
  </datafield>
  <datafield tag="650" ind1="0" ind2="0">
   <subfield code="a">Commercial correspondence </subfield>
  </datafield>
  <datafield tag="700" ind1="1" ind2="1">
   <subfield code="a">Flatley, </subfield>
   <subfield code="h">Marie Elizabeth </subfield>
  </datafield>
  <datafield tag="999" ind1=" " ind2=" ">
   <subfield code="a">1100032116</subfield>
   <subfield code="b">Book</subfield>
   <subfield code="c">Bahan Pandang Dengar</subfield>
   <subfield code="e">KOLEKSI TERBUKA</subfield>
  </datafield>
  <datafield tag="999" ind1=" " ind2=" ">
   <subfield code="a">1100032117</subfield>
   <subfield code="b">CD-ROM</subfield>
   <subfield code="c">Bahan Pandang Dengar</subfield>
   <subfield code="e">BILIK BAHAN SUMBER MEDIA</subfield>
  </datafield>
 </record>
</collection>
